【プロ野球】 替え歌応援歌(2) - Statistics

General Stats
  • This quiz has been taken 38 times
  • The average score is 7 of 13
Answer Stats
応援歌 選手名 % Correct
両親〇〇 祖父母まで〇〇弟も〇〇 兄も〇〇 ロペス
90%
生まれ持つセンス 生まれ持つセンス生まれ持つセンス 生まれ持つセンスで 今宮健太
90%
燃える闘志を 竿に込めて釣れよ〇〇 炎の釣り師 城島健司
73%
選択問題は ’ア’か’イ’で答えろ記述式の問題は 飛ばせ〇〇 江越大賀
63%
スタンド萎えさす 気迫の三振行け〇〇〇〇 お前は鳴尾だ 新井良太
60%
家見るときだ 違和感に気づき驚く窓ねぇぞ叫ぶよ 伝えろ〇〇 栗原陵矢
57%
ドヤ顔で告げろ 代打小島酷使贔屓左右病 辞めろ〇〇 福良淳一
53%
日々の怠慢積み重ね 今迎える戦力外笑い呼び込むその姿 〇〇の新喜劇 伊藤隼太
47%
今こそ謝罪 詫び石振り撒いて電話に出ない 〇〇〇〇 今江敏晃
47%
掴み取れ塩を 油引けフライパン野菜ぶち込み火が通ったら 入れろ豚バラ 松原聖弥
47%
心磨き心磨き 心磨いてたその努力糧にして 心磨いとけ 小島脩平
43%
内川村田移籍する 順位いつも最下位三浦の勝利が今 黒星になる 大西宏明
33%
〇〇 〇〇 〇〇 もう守るとこが無いよ僕は君をクビにするよ いつもチームのために 澤井良輔
20%
No matching quizzes found
Score Distribution
Percent of People with Each Score
Percentile by Number Answered
Your Score History
You have not taken this quiz